Posúdenie eróznych procesov a návrh protieróznych opatrení v povodí

Guardado en:
Detalles Bibliográficos
Autor principal: Studvová, Zuzana, 1988- (Autor)
Otros Autores: Hlavčová, Kamila, 1959- (Orientador)
Formato: Manuscrito Libro
Lenguaje:eslovaco
Publicado: Bratislava : STU v Bratislave SvF, 2012
Materias:
Acceso en línea:VAIS
Etiquetas: Agregar Etiqueta
Sin Etiquetas, Sea el primero en etiquetar este registro!

MARC

LEADER 00000ntm a22000003a 4500
001 stu252001
005 20150617230225.4
008 120720s2012----xo------------------slo-d
040 |a STU  |b slo 
041 0 |a slo 
044 |a xo 
100 1 |a Studvová, Zuzana,  |d 1988-  |4 aut  |u V160  |U SvF Stavebná fakulta  |T SvF Katedra vodného hospodárstva krajiny  |X 49624  |U V160  |Y 16  |7 A000049624 
242 0 0 |a Estimation of erosion processes and proposal for erosion control in a basin  |y eng 
245 1 |a Posúdenie eróznych procesov a návrh protieróznych opatrení v povodí  
260 |a Bratislava :  |b STU v Bratislave SvF,  |c 2012 
650 7 |a krajinárstvo a krajinné plánovanie  |2 stusub 
650 7 |a Landscaping and Landscape Planning  |2 estusub 
650 7 |a water erosion  |2 estusub 
650 7 |a vodná erózia  |2 stusub 
700 1 |a Hlavčová, Kamila,  |d 1959-  |4 ths  |u V160  |U SvF Stavebná fakulta  |T SvF Katedra vodného hospodárstva krajiny  |X 905  |U V160  |Y 16  |7 A000000905 
856 4 |a info a plný text  |u http://is.stuba.sk/zp/portal_zp.pl?podrobnosti=82355  |3 VAIS